000 00796nas a2200277 4500
001 BR0901274
003 BR-BrBNA
005 20231205113209.0
007 ta
008 230509b bl.|||p| |||| 00| 00por d
040 _aBR-BrBNA
_bpor
_cBiblioteca Nacional de Agricultura
041 _a(Pt)
072 _aH60
100 1 _aFreitas, R.S. de
100 1 _aBerger, P.G.
100 1 _aFerreira, L.R.
100 1 _aCecon, P.R.
100 1 _aSilva, M. de P.
245 1 _aTolerância do algodoeiro ao herbicida Trifloxysulfuron-Sodium
650 _aALGODÃO
650 _aHERBICIDA
650 _aINTOXICAÇÃO
773 0 _tRevista Ceres (Brazil)
_xISSN 0034-737X
_g(May-Jun 2007), v. 54(313) p. 304-309
_wBR0901274
909 _a202311
_bLúcia
_c55
_dLúcia Elande
942 _2AGRIS
_n0
_cANA
999 _c202411
_d202411